[Event "Kandidatklassen"]
[Site "?"]
[Date "2018.03.27"]
[Round "1.9"]
[White "Jaksland (2210), FM Tim"]
[Black "Le Besq (2058), Alexander"]
[Result "1/2-1/2"]
[BlackElo "2056"]
[WhiteElo "2210"]
[LiveChessVersion "1.4.8"]

1. Nf3 {[%clk 1:30:50]} Nf6 {[%clk 1:30:46]} 2. c4 {[%clk 1:31:05]} g6
{[%clk 1:30:13]} 3. b3 {[%clk 1:31:04]} Bg7 {[%clk 1:30:32]} 4. Bb2
{[%clk 1:31:29]} c5 {[%clk 1:29:53]} 5. g3 {[%clk 1:31:16]} Nc6 {[%clk 1:29:56]}
6. Bg2 {[%clk 1:31:39]} O-O {[%clk 1:29:19]} 7. O-O {[%clk 1:32:04]} e6
{[%clk 1:24:26]} 8. d4 {[%clk 1:28:30]} cxd4 {[%clk 1:18:33]} 9. Nxd4
{[%clk 1:28:50]} Nxd4 {[%clk 1:13:19]} 10. Qxd4 {[%clk 1:27:03]} Ne8
{[%clk 1:01:49]} 11. Qd2 {[%clk 1:25:16]} Bxb2 {[%clk 0:59:31]} 12. Qxb2
{[%clk 1:25:41]} Rb8 {[%clk 0:55:48]} 13. Nc3 {[%clk 1:14:28]} a6
{[%clk 0:47:30]} 14. a4 {[%clk 1:07:49]} b6 {[%clk 0:44:39]} 15. Rfd1
{[%clk 1:03:41]} f5 {[%clk 0:42:30]} 16. Qd2 {[%clk 0:57:28]} Rf7
{[%clk 0:37:35]} 17. Qe3 {[%clk 0:47:44]} Qc7 {[%clk 0:34:27]} 18. Qd4
{[%clk 0:31:15]} Bb7 {[%clk 0:28:27]} 19. Bxb7 {[%clk 0:23:40]} Rxb7
{[%clk 0:28:08]} 20. Rd2 {[%clk 0:22:41]} Qc5 {[%clk 0:23:06]} 21. Rb1
{[%clk 0:16:18]} Rc7 {[%clk 0:18:22]} 22. e3 {[%clk 0:15:01]} Rc6
{[%clk 0:16:35]} 23. Qf4 {[%clk 0:11:52]} Qb4 {[%clk 0:12:12]} 24. Rd3
{[%clk 0:08:35]} Rd6 {[%clk 0:08:17]} 25. Rxd6 {[%clk 0:08:58]} Qxd6
{[%clk 0:07:18]} 26. Qd4 {[%clk 0:08:20]} Qc7 {[%clk 0:05:07]} 27. Rd1
{[%clk 0:05:13]} Re7 {[%clk 0:04:21]} 28. e4 {[%clk 0:04:33]} d6 {[%clk 0:03:54]}
29. exf5 {[%clk 0:04:08]} gxf5 {[%clk 0:04:12]} 30. Re1 {[%clk 0:04:20]} Kf7
{[%clk 0:04:04]} 31. Qd3 {[%clk 0:03:07]} Nf6 {[%clk 0:03:35]} 32. Rd1
{[%clk 0:03:05]} Rd7 {[%clk 0:03:33]} 33. Qf3 {[%clk 0:02:50]} Qc5
{[%clk 0:03:35]} 34. Qe2 {[%clk 0:01:41]} Qb4 {[%clk 0:02:49]} 35. Qc2
{[%clk 0:01:58]} Ng4 {[%clk 0:02:30]} 36. Ne2 {[%clk 0:01:55]} Qc5
{[%clk 0:02:08]} 37. Nd4 {[%clk 0:01:57]} d5 {[%clk 0:01:15]} 38. Qe2
{[%clk 0:01:36]} Rd6 {[%clk 0:01:13]} 39. Nf3 {[%clk 0:00:55]} d4
{[%clk 0:00:47]} 40. Ng5+ {[%clk 0:00:43]} Kf6 {[%clk 0:00:36]} 41. Ne4+
{[%clk 0:17:41]} fxe4 {[%clk 0:31:31]} 42. Qxg4 {[%clk 0:18:06]} Qf5
{[%clk 0:23:37]} 43. Qg8 {[%clk 0:16:06]} e5 {[%clk 0:12:04]} 44. Qf8+
{[%clk 0:10:13]} Ke6 {[%clk 0:12:29]} 45. Qe8+ {[%clk 0:07:40]} Kf6
{[%clk 0:12:46]} 46. Qf8+ {[%clk 0:02:59]} Ke6 {[%clk 0:12:46]} 1/2-1/2

[Event "Kandidatklassen"]
[Site "?"]
[Date "2018.03.27"]
[Round "1.10"]
[White "Hovgaard Schack (2055), Asbjørn"]
[Black "Hartung-Nielsen (2204), Jens"]
[Result "0-1"]
[BlackElo "2204"]
[WhiteElo "2055"]
[LiveChessVersion "1.4.8"]

1. d4 {[%clk 1:30:53]} Nf6 {[%clk 1:30:50]} 2. c4 {[%clk 1:30:52]} e6
{[%clk 1:31:15]} 3. Nc3 {[%clk 1:30:56]} Bb4 {[%clk 1:31:39]} 4. e3
{[%clk 1:30:50]} O-O {[%clk 1:31:56]} 5. Nge2 {[%clk 1:30:16]} d5
{[%clk 1:31:43]} 6. a3 {[%clk 1:30:07]} Be7 {[%clk 1:32:09]} 7. cxd5
{[%clk 1:30:18]} exd5 {[%clk 1:32:30]} 8. Nf4 {[%clk 1:30:02]} Re8
{[%clk 1:30:14]} 9. Bd3 {[%clk 1:29:25]} c6 {[%clk 1:28:33]} 10. O-O
{[%clk 1:27:59]} Bd6 {[%clk 1:28:00]} 11. Bd2 {[%clk 1:21:26]} Nbd7
{[%clk 1:26:14]} 12. Qc2 {[%clk 1:19:27]} Nf8 {[%clk 1:25:29]} 13. f3
{[%clk 1:13:55]} b6 {[%clk 1:07:17]} 14. Kh1 {[%clk 1:00:29]} Bb7
{[%clk 0:58:44]} 15. b4 {[%clk 0:52:30]} Rc8 {[%clk 0:52:58]} 16. Bf5
{[%clk 0:47:54]} Rc7 {[%clk 0:52:37]} 17. e4 {[%clk 0:45:25]} dxe4
{[%clk 0:40:14]} 18. fxe4 {[%clk 0:44:16]} Be7 {[%clk 0:34:10]} 19. e5
{[%clk 0:31:46]} Nd5 {[%clk 0:34:18]} 20. Ncxd5 {[%clk 0:26:37]} cxd5
{[%clk 0:34:36]} 21. Qb3 {[%clk 0:26:08]} Rc4 {[%clk 0:32:08]} 22. Bd3
{[%clk 0:24:31]} Rxd4 {[%clk 0:24:24]} 23. Be3 {[%clk 0:21:04]} Rxf4
{[%clk 0:23:59]} 24. Bxf4 {[%clk 0:17:12]} Ne6 {[%clk 0:22:04]} 25. Qc2
{[%clk 0:16:28]} h6 {[%clk 0:20:05]} 26. Qd2 {[%clk 0:14:58]} Bg5
{[%clk 0:17:18]} 27. Bxg5 {[%clk 0:13:46]} Qxg5 {[%clk 0:17:07]} 28. Qf2
{[%clk 0:10:34]} Rf8 {[%clk 0:16:24]} 29. Rae1 {[%clk 0:06:39]} d4
{[%clk 0:14:23]} 30. Bc4 {[%clk 0:05:34]} Nf4 {[%clk 0:14:16]} 31. h4
{[%clk 0:02:09]} Qxg2+ {[%clk 0:07:58]} 32. Qxg2 {[%clk 0:02:32]} Bxg2+
{[%clk 0:08:24]} 33. Kg1 {[%clk 0:01:15]} Bxf1 {[%clk 0:08:48]} 34. Rxf1
{[%clk 0:01:28]} g5 {[%clk 0:09:00]} 35. hxg5 {[%clk 0:01:14]} hxg5
{[%clk 0:09:25]} 36. Rd1 {[%clk 0:01:12]} Rd8 {[%clk 0:09:35]} 37. Kf2
{[%clk 0:01:03]} Kg7 {[%clk 0:09:37]} 38. Kf3 {[%clk 0:00:46]} Ng6
{[%clk 0:07:26]} 0-1

[Event "Kandidatklassen"]
[Site "?"]
[Date "2018.03.27"]
[Round "1.11"]
[White "Susanne Guindy (2199), WFM Esmat"]
[Black "Skaarup (2055), Kasper"]
[Result "1/2-1/2"]
[BlackElo "2055"]
[WhiteElo "2199"]
[LiveChessVersion "1.4.8"]

1. Nf3 {[%clk 1:30:40]} d5 {[%clk 1:30:25]} 2. d4 {[%clk 1:30:48]} Nf6
{[%clk 1:30:30]} 3. c4 {[%clk 1:30:14]} dxc4 {[%clk 1:28:16]} 4. Nc3
{[%clk 1:29:11]} c5 {[%clk 1:27:27]} 5. e3 {[%clk 1:25:22]} e6 {[%clk 1:26:38]}
6. Bxc4 {[%clk 1:24:37]} a6 {[%clk 1:26:30]} 7. O-O {[%clk 1:21:27]} b5
{[%clk 1:25:54]} 8. Bd3 {[%clk 1:20:43]} Bb7 {[%clk 1:26:11]} 9. Qe2
{[%clk 1:14:26]} Nbd7 {[%clk 1:23:27]} 10. b3 {[%clk 1:11:22]} Qb8
{[%clk 1:20:05]} 11. Bb2 {[%clk 1:05:57]} Bd6 {[%clk 1:16:16]} 12. h3
{[%clk 1:03:25]} O-O {[%clk 1:13:27]} 13. Nd2 {[%clk 0:54:41]} cxd4
{[%clk 1:03:33]} 14. exd4 {[%clk 0:54:36]} Bf4 {[%clk 1:03:50]} 15. Nde4
{[%clk 0:50:27]} Rd8 {[%clk 0:59:16]} 16. Rad1 {[%clk 0:50:04]} Ra7
{[%clk 0:56:58]} 17. Nc5 {[%clk 0:44:15]} Ba8 {[%clk 0:44:07]} 18. N3e4
{[%clk 0:39:03]} Nxe4 {[%clk 0:43:23]} 19. Bxe4 {[%clk 0:34:42]} Nf6
{[%clk 0:39:20]} 20. Bb1 {[%clk 0:32:04]} Qd6 {[%clk 0:37:16]} 21. Rfe1
{[%clk 0:21:57]} Qd5 {[%clk 0:30:36]} 22. Ne4 {[%clk 0:22:08]} Nxe4
{[%clk 0:29:36]} 23. Bxe4 {[%clk 0:22:29]} Qxe4 {[%clk 0:29:59]} 24. Qxe4
{[%clk 0:22:52]} Bxe4 {[%clk 0:30:25]} 25. Rxe4 {[%clk 0:22:32]} Bb8
{[%clk 0:30:35]} 26. Rc1 {[%clk 0:19:57]} 1/2-1/2

[Event "Kandidatklassen"]
[Site "?"]
[Date "2018.03.27"]
[Round "1.12"]
[White "Fredericia Nilssen (2044), Ellen"]
[Black "Murtuzov (2197), CM Rauf"]
[Result "0-1"]
[BlackElo "2197"]
[WhiteElo "2044"]
[LiveChessVersion "1.4.8"]

1. d4 {[%clk 1:29:46]} Nf6 {[%clk 1:30:58]} 2. c4 {[%clk 1:30:09]} g6
{[%clk 1:31:26]} 3. Nc3 {[%clk 1:30:27]} Bg7 {[%clk 1:31:54]} 4. Bg5
{[%clk 1:30:49]} O-O {[%clk 1:32:21]} 5. e3 {[%clk 1:31:12]} c5 {[%clk 1:32:48]}
6. Be2 {[%clk 1:29:00]} cxd4 {[%clk 1:32:35]} 7. exd4 {[%clk 1:29:18]} d5
{[%clk 1:32:38]} 8. Nf3 {[%clk 1:21:33]} dxc4 {[%clk 1:29:13]} 9. Bxc4
{[%clk 1:21:05]} Bg4 {[%clk 1:29:36]} 10. O-O {[%clk 1:03:06]} Nc6
{[%clk 1:29:57]} 11. d5 {[%clk 1:01:16]} Bxf3 {[%clk 1:26:00]} 12. Qxf3
{[%clk 0:59:41]} Ne5 {[%clk 1:26:11]} 13. Qe2 {[%clk 0:59:37]} Nxc4
{[%clk 1:26:16]} 14. Qxc4 {[%clk 1:00:03]} Rc8 {[%clk 1:26:37]} 15. Qb3
{[%clk 0:55:44]} Qb6 {[%clk 1:26:19]} 16. Rfe1 {[%clk 0:51:32]} h6
{[%clk 1:17:49]} 17. Qxb6 {[%clk 0:42:22]} axb6 {[%clk 1:18:17]} 18. Bf4
{[%clk 0:42:28]} g5 {[%clk 1:04:02]} 19. Bg3 {[%clk 0:35:58]} Rfd8
{[%clk 1:03:13]} 20. Rad1 {[%clk 0:32:30]} Rd7 {[%clk 1:02:44]} 21. d6
{[%clk 0:30:54]} e6 {[%clk 1:01:47]} 22. Na4 {[%clk 0:31:02]} Rc6
{[%clk 0:59:33]} 23. b4 {[%clk 0:28:08]} Nd5 {[%clk 0:59:11]} 24. Rxd5
{[%clk 0:23:04]} exd5 {[%clk 0:59:29]} 25. b5 {[%clk 0:22:12]} Rcxd6
{[%clk 0:59:57]} 26. Bxd6 {[%clk 0:22:12]} Rxd6 {[%clk 1:00:26]} 27. Kf1
{[%clk 0:19:30]} Kf8 {[%clk 0:48:39]} 28. Ke2 {[%clk 0:17:01]} Re6+
{[%clk 0:47:17]} 29. Kd2 {[%clk 0:17:15]} Bd4 {[%clk 0:46:40]} 30. Rc1
{[%clk 0:14:17]} Bxf2 {[%clk 0:45:50]} 31. Rc8+ {[%clk 0:14:34]} Re8
{[%clk 0:46:00]} 32. Rxe8+ {[%clk 0:14:21]} Kxe8 {[%clk 0:46:28]} 33. Nc3
{[%clk 0:14:43]} f5 {[%clk 0:45:44]} 34. Nxd5 {[%clk 0:15:04]} Kf7
{[%clk 0:46:09]} 35. Kd3 {[%clk 0:10:55]} Ke6 {[%clk 0:45:32]} 36. Nc7+
{[%clk 0:06:32]} Ke5 {[%clk 0:45:56]} 37. Ne8 {[%clk 0:06:31]} h5
{[%clk 0:45:51]} 38. Ng7 {[%clk 0:05:40]} h4 {[%clk 0:46:19]} 39. Nh5
{[%clk 0:04:52]} g4 {[%clk 0:43:40]} 40. h3 {[%clk 0:04:33]} Bc5 {[%clk 0:43:12]}
41. Ke2 {[%clk 0:03:37]} Ke4 {[%clk 0:42:15]} 42. Nf6+ {[%clk 0:01:40]} Kf4
{[%clk 0:40:30]} 43. Nh5+ {[%clk 0:02:02]} Ke5 {[%clk 0:40:58]} 44. a4
{[%clk 0:30:21]} Bf8 {[%clk 1:11:18]} 45. Kf2 {[%clk 0:28:53]} Bh6
{[%clk 1:09:55]} 46. Ke2 {[%clk 0:27:32]} Ke6 {[%clk 1:09:58]} 47. Kf2
{[%clk 0:25:31]} Kf7 {[%clk 1:09:56]} 48. g3 {[%clk 0:25:53]} Kg6
{[%clk 1:10:05]} 49. hxg4 {[%clk 0:26:00]} fxg4 {[%clk 1:10:22]} 50. Nf4+
{[%clk 0:26:23]} Bxf4 {[%clk 1:10:50]} 51. gxf4 {[%clk 0:26:40]} Kf5
{[%clk 1:11:19]} 0-1

[Event "Kandidatklassen"]
[Site "?"]
[Date "2018.03.27"]
[Round "1.13"]
[White "Rossen (2176), Claus"]
[Black "Søndergaard Thybo (2044), Thomas"]
[Result "1-0"]
[BlackElo "2044"]
[WhiteElo "2176"]
[LiveChessVersion "1.4.8"]

1. d4 {[%clk 1:30:58]} d5 {[%clk 1:30:41]} 2. Nc3 {[%clk 1:31:22]} Nf6
{[%clk 1:29:31]} 3. Bg5 {[%clk 1:31:27]} Bf5 {[%clk 1:28:20]} 4. Bxf6
{[%clk 1:30:16]} exf6 {[%clk 1:26:15]} 5. e3 {[%clk 1:29:58]} c6 {[%clk 1:22:36]}
6. Bd3 {[%clk 1:28:43]} Bxd3 {[%clk 1:17:09]} 7. Qxd3 {[%clk 1:28:56]} Bd6
{[%clk 1:17:20]} 8. Nf3 {[%clk 1:26:53]} O-O {[%clk 1:12:35]} 9. h4
{[%clk 1:18:28]} Qb6 {[%clk 1:01:47]} 10. O-O-O {[%clk 1:13:52]} Qa6
{[%clk 1:01:27]} 11. Qxa6 {[%clk 1:09:16]} Nxa6 {[%clk 1:01:49]} 12. g4
{[%clk 1:09:41]} Rfe8 {[%clk 0:57:07]} 13. h5 {[%clk 1:06:27]} Nc7
{[%clk 0:47:10]} 14. Rdg1 {[%clk 1:02:10]} Ne6 {[%clk 0:36:51]} 15. g5
{[%clk 1:00:20]} f5 {[%clk 0:36:40]} 16. g6 {[%clk 0:52:38]} fxg6
{[%clk 0:34:01]} 17. hxg6 {[%clk 0:52:50]} h6 {[%clk 0:33:03]} 18. Rh5
{[%clk 0:49:31]} Rf8 {[%clk 0:25:16]} 19. Nh4 {[%clk 0:40:52]} f4
{[%clk 0:24:47]} 20. Nf5 {[%clk 0:39:46]} Bb4 {[%clk 0:24:24]} 21. Ne2
{[%clk 0:23:10]} fxe3 {[%clk 0:21:32]} 22. fxe3 {[%clk 0:23:27]} Ng5
{[%clk 0:19:14]} 23. Neg3 {[%clk 0:12:31]} Rae8 {[%clk 0:18:08]} 24. c3
{[%clk 0:12:36]} Ba5 {[%clk 0:17:45]} 25. Nd6 {[%clk 0:05:34]} Rxe3
{[%clk 0:15:31]} 26. Ngf5 {[%clk 0:06:02]} Re6 {[%clk 0:13:23]} 27. Rf1
{[%clk 0:03:10]} Bc7 {[%clk 0:04:16]} 28. Nxb7 {[%clk 0:03:29]} Rff6
{[%clk 0:02:32]} 29. Nc5 {[%clk 0:03:39]} Re2 {[%clk 0:02:36]} 30. Nxh6+
{[%clk 0:03:49]} gxh6 {[%clk 0:02:16]} 31. Rxf6 {[%clk 0:04:14]} Kg7
{[%clk 0:02:28]} 32. Rxc6 {[%clk 0:03:23]} Bf4+ {[%clk 0:02:37]} 33. Kb1
{[%clk 0:03:33]} a5 {[%clk 0:00:45]} 34. Nd3 {[%clk 0:03:08]} Be3
{[%clk 0:00:40]} 35. Ne5 {[%clk 0:03:22]} 1-0

[Event "Kandidatklassen"]
[Site "?"]
[Date "2018.03.27"]
[Round "1.14"]
[White "Easwaralingam (2037), Adesh"]
[Black "Kvist Brondt Pedersen (2171), Nicolai"]
[Result "1/2-1/2"]
[BlackElo "2171"]
[WhiteElo "2037"]
[LiveChessVersion "1.4.8"]

1. e4 {[%clk 1:30:51]} c6 {[%clk 1:30:59]} 2. d4 {[%clk 1:30:47]} d5
{[%clk 1:31:22]} 3. e5 {[%clk 1:30:50]} Bf5 {[%clk 1:31:44]} 4. Nf3
{[%clk 1:30:46]} e6 {[%clk 1:32:08]} 5. Be2 {[%clk 1:30:53]} Bg6 {[%clk 1:32:04]}
6. O-O {[%clk 1:29:29]} Ne7 {[%clk 1:31:55]} 7. a4 {[%clk 1:27:52]} c5
{[%clk 1:23:35]} 8. c4 {[%clk 1:20:50]} cxd4 {[%clk 0:52:13]} 9. Nxd4
{[%clk 1:18:04]} Nec6 {[%clk 0:48:15]} 10. cxd5 {[%clk 1:06:50]} Qxd5
{[%clk 0:47:00]} 11. Nb5 {[%clk 1:04:32]} Qxd1 {[%clk 0:41:18]} 12. Rxd1
{[%clk 1:04:43]} Na6 {[%clk 0:41:10]} 13. N1c3 {[%clk 0:57:11]} Bc5
{[%clk 0:37:46]} 14. Nd6+ {[%clk 0:46:31]} Bxd6 {[%clk 0:36:28]} 15. Bxa6
{[%clk 0:43:24]} bxa6 {[%clk 0:36:52]} 16. exd6 {[%clk 0:42:16]} O-O
{[%clk 0:27:45]} 17. Ne2 {[%clk 0:37:55]} Rfd8 {[%clk 0:26:21]} 18. f3
{[%clk 0:36:31]} Rd7 {[%clk 0:24:22]} 19. Be3 {[%clk 0:34:36]} Nb4
{[%clk 0:19:30]} 20. Rac1 {[%clk 0:27:55]} Nd3 {[%clk 0:18:14]} 21. Rc6
{[%clk 0:26:54]} Rad8 {[%clk 0:13:42]} 22. Nf4 {[%clk 0:23:20]} Rxd6
{[%clk 0:09:11]} 23. Rxd6 {[%clk 0:20:45]} Rxd6 {[%clk 0:09:37]} 24. Nxd3
{[%clk 0:17:46]} Rxd3 {[%clk 0:08:09]} 25. Rc1 {[%clk 0:16:10]} h6
{[%clk 0:06:59]} 26. Bxa7 {[%clk 0:15:39]} Rb3 {[%clk 0:06:03]} 27. Rc8+
{[%clk 0:16:01]} Kh7 {[%clk 0:06:26]} 28. Rb8 {[%clk 0:16:06]} Rxb8
{[%clk 0:06:08]} 29. Bxb8 {[%clk 0:16:18]} Bc2 {[%clk 0:06:23]} 30. a5
{[%clk 0:15:52]} g5 {[%clk 0:06:15]} 31. Kf2 {[%clk 0:10:16]} Kg6
{[%clk 0:06:11]} 32. h3 {[%clk 0:07:11]} Ba4 {[%clk 0:05:28]} 33. Bd6
{[%clk 0:04:05]} f6 {[%clk 0:05:29]} 34. Ke3 {[%clk 0:03:29]} e5 {[%clk 0:05:01]}
35. g3 {[%clk 0:01:58]} Bd7 {[%clk 0:04:42]} 36. g4 {[%clk 0:02:01]} h5
{[%clk 0:03:56]} 37. b4 {[%clk 0:02:07]} h4 {[%clk 0:04:07]} 38. Bc7
{[%clk 0:02:07]} Kf7 {[%clk 0:03:42]} 39. Bb6 {[%clk 0:01:22]} Ke6
{[%clk 0:03:44]} 40. Bd8 {[%clk 0:01:24]} Bb5 {[%clk 0:04:03]} 41. Kf2
{[%clk 0:01:39]} Bc4 {[%clk 0:04:00]} 42. Ke1 {[%clk 0:00:55]} e4
{[%clk 0:00:34]} 43. fxe4 {[%clk 0:28:04]} Bd3 {[%clk 0:29:48]} 44. Kf2
{[%clk 0:25:07]} Bxe4 {[%clk 0:29:47]} 45. Kg1 {[%clk 0:25:20]} Bc6
{[%clk 0:29:37]} 46. Kf2 {[%clk 0:24:22]} Kf7 {[%clk 0:29:51]} 47. Kg1
{[%clk 0:23:08]} Kg6 {[%clk 0:29:54]} 48. Kh2 {[%clk 0:22:11]} Bd7
{[%clk 0:30:13]} 49. Kg2 {[%clk 0:21:48]} f5 {[%clk 0:30:22]} 50. gxf5+
{[%clk 0:21:51]} Kxf5 {[%clk 0:30:38]} 51. Be7 {[%clk 0:22:00]} Bc6+
{[%clk 0:30:41]} 52. Kh2 {[%clk 0:22:15]} Kg6 {[%clk 0:30:40]} 53. Bd8
{[%clk 0:22:25]} Kh5 {[%clk 0:30:36]} 54. Bf6 {[%clk 0:22:44]} g4
{[%clk 0:30:53]} 55. hxg4+ {[%clk 0:23:10]} Kxg4 {[%clk 0:31:20]} 56. Be7
{[%clk 0:23:30]} h3 {[%clk 0:31:35]} 57. Bf6 {[%clk 0:23:54]} Bg2
{[%clk 0:31:51]} 58. Be7 {[%clk 0:24:18]} Kf3 {[%clk 0:32:10]} 59. Bc5
{[%clk 0:24:40]} Kg4 {[%clk 0:32:26]} 60. Be7 {[%clk 0:25:05]} Kf3
{[%clk 0:32:48]} 61. Bc5 {[%clk 0:25:29]} Kg4 {[%clk 0:33:13]} 62. Be7
{[%clk 0:25:55]} Kf3 {[%clk 0:33:38]} 1/2-1/2